中国人口最多的20个县级行政区 China 20 most populous county-level regions - Statistics

General Stats
  • This quiz has been taken 148 times
  • The average score is 13 of 20
Answer Stats
人口 省份 县区 % Correct
5681512 上海市 浦东新区
96%
3452460 北京市 朝阳区
91%
3133469 北京市 海淀区
91%
2092496 江苏省 昆山市
88%
3742991 广东省 白云区
80%
2653489 上海市 闵行区
79%
2241826 广东省 天河区
67%
4476554 广东省 宝安区
65%
2235218 上海市 宝山区
65%
3229090 广东省 顺德区
64%
3667247 广东省 南海区
61%
2269487 北京市 昌平区
61%
3979037 广东省 龙岗区
59%
2658397 广东省 番禺区
58%
2191493 重庆市 渝北区
55%
2528872 广东省 龙华区
54%
2659829 四川省 双流区
45%
2146000 河南省 金水区
40%
2500000 湖北省 洪山区
39%
2090578 广东省 惠城区
20%
No matching quizzes found
Score Distribution
Percent of People with Each Score
Percentile by Number Answered
Your Score History
You have not taken this quiz